Felipe II, Isabel de Inglaterra y Marruecos: un intento de cerco a la monarquía del rey católico

Uloženo v:
Podrobná bibliografie
Hlavní autor: Fernández Alvarez, Manuel (Autor)
Médium: Kniha
Jazyk:španělština
Vydáno: Madrid Instituto de Estudios Africanos 1951
Témata:
Tagy: Přidat tag
Žádné tagy, Buďte první, kdo vytvoří štítek k tomuto záznamu!

MARC

LEADER 00000nam a2200000 a 4500
001 UCO4156
003 CL-VaPUC
008 000728e19510000SP |||||||||||||||||spa|d
082 0 4 |a 942.055  |b FER  |2 21 
100 0 |a Fernández Alvarez, Manuel  |e author  |9 448346 
245 1 0 |a Felipe II, Isabel de Inglaterra y Marruecos: un intento de cerco a la monarquía del rey católico 
300 |a 39 p 
942 |c BK 
945 |d 20000728 00:00:00  |a crobeson 
260 |a Madrid  |b Instituto de Estudios Africanos  |c 1951 
600 0 7 |a ISABEL I  |2 CL-VaPUC  |9 448347 
600 0 7 |a FELIPE II  |2 CL-VaPUC  |9 314006 
650 0 |a Historia de Inglaterra  |9 376029 
650 0 |a Comercio marítimo  |9 352895 
651 0 |a Inglaterra  |9 255158 
651 7 |a MARRUECOS  |2 CL-VaPUC  |9 448348 
583 |a last modification  |c 20000728 00:00:00  |k Rodrigo Vera 
999 |c 290228  |d 290226 
952 |0 0  |1 0  |4 0  |6 942_055000000000000_FER_1951  |7 0  |8 X  |9 339526  |a BIBHIS  |b BIBHIS  |d 2019-11-20  |i 121120K  |o 942.055 FER 1951  |p 121120K  |r 2024-01-30  |w 2019-11-20  |y BK_X  |k HIS